000 00844nam a2200241Ia 4500
003 GCL
008 140319s9999 xx 000 0 ara d
040 _aGCL /
_cGCL
082 0 4 _a301.35
_bب ت
100 1 _aالبنك الدولى
245 1 0 _aالتنمية الريفية : ورقة عمل قطاعية (هدية من الاديب عبدالفتاح الجمل) /
_cالبنك الدولى
300 _a110 ص
490 _aالهيئة العامة للاستعلامات
_v0
650 0 4 _aالسكان
650 0 4 _aالتنمية الريفية
650 0 4 _aالتنمية الزراعية
650 0 4 _aالقروض
650 0 4 _aالاحوال الريفية
650 0 4 _aالاجتماع الريفى
650 0 4 _aالبنوك الدولية
650 0 4 _aالاجتماع الريفى، علم
942 _2ddc
_cBK
999 _c47451
_d47451